Top 50 państw według populacji - w kolejności - Statystyki

Ogólne statystyki
  • Ten quiz został rozwiązany 46 razy
    45 od ostatniego zresetowania
  • Średni wynik to 27 z 50
Statystyki odpowiedzi
Populacja Państwo % Poprawnych
1423 mil Chiny
100%
1470 mil Indie
100%
352 mil Stany Zjednoczone
100%
213 mil Brazylia
97%
287 mil Indonezja
95%
240 mil Nigeria
92%
257 mil Pakistan
92%
144 mil Rosja
92%
123 mil Japonia
84%
132 mil Meksyk
84%
137 mil Etiopia
81%
83.7 mil Niemcy
81%
87.8 mil Turcja
81%
177 mil Bangladesz
78%
117 mil Filipiny
78%
69.3 mil Francja
78%
92.8 mil Iran
76%
102 mil Wietnam
73%
115 mil Demokratyczna Republika Konga
68%
119 mil Egipt
65%
37.9 mil Polska
65%
71.6 mil Tajlandia
62%
70.3 mil Wielka Brytania
62%
39.7 mil Ukraina
57%
47.9 mil Hiszpania
54%
65.1 mil Republika Południowej Afryki
51%
40.3 mil Kanada
49%
71.6 mil Tanzania
49%
59.0 mil Włochy
43%
45.9 mil Argentyna
41%
52.1 mil Uganda
41%
47.7 mil Algieria
38%
47.5 mil Irak
38%
42.4 mil Jemen
38%
39.6 mil Angola
32%
58.1 mil Kenia
32%
53.7 mil Kolumbia
32%
37.4 mil Uzbekistan
32%
51.6 mil Korea Południowa
30%
55.0 mil Mjanma
27%
36.2 mil Malezja
24%
52.5 mil Sudan
24%
44.4 mil Afganistan
19%
35.4 mil Ghana
19%
34.8 mil Peru
16%
34.9 mil Arabia Saudyjska
14%
39.2 mil Maroko
14%
33.1 mil Madagaskar
8%
36.1 mil Mozambik
8%
33.1 mil Wybrzeże Kości Słoniowej
8%
Nie znaleziono quizów pasujących do podanych kryteriów
Rozkład punktacji
Procent ludzi z każdym wynikiem
Percentyl według liczby udzielonych odpowiedzi
Twoja historia wyników
Nie rozwiązałeś tego quizu od ostatniego zresetowania